| 000 | 00765nam a2200265 a 4500 | ||
|---|---|---|---|
| 001 | 41803 | ||
| 003 | BD-RjUL | ||
| 005 | 20211209053443.0 | ||
| 008 | 160606s1963 enk b 001 0 eng d | ||
| 035 | _a(OCoLC)ocm01178584 | ||
| 035 | _a(BD-RjUL)41921 | ||
| 040 |
_aZGM _cZGM _beng |
||
| 041 | _aeng | ||
| 082 |
_a325.31410954 _bSTE 1963 |
||
| 090 |
_aJQ211 _b.S7 1963 |
||
| 100 | 1 |
_aStokes, Eric. _9128415 |
|
| 245 | 1 | 4 |
_aThe English utilitarians and India / _cEric Stokes |
| 250 | _aCorr. 1st ed. | ||
| 260 |
_aOxford : _bClarendon Press, _c1963 |
||
| 300 |
_axvi, 350 p. ; _c22 cm. |
||
| 504 | _aIncludes Bibliography and index | ||
| 650 | 0 |
_aUtilitarianism. _9124747 |
|
| 651 | 0 |
_aIndia _xPolitics and government _y1765-1947. _9119352 |
|
| 942 |
_2ddc _cBK _01 |
||
| 999 |
_c41803 _d41803 |
||